| 000 | 01324nam a2200241 a 4500 | ||
|---|---|---|---|
| 001 | 000029049 | ||
| 003 | DO-SdBPM | ||
| 005 | 20260422132806.0 | ||
| 008 | 110413s19982000dr r 001 0 spa d | ||
| 040 |
_aDO-SdBPM _bspa _cBPMSU |
||
| 082 | 4 |
_a348.729302 _bR426c 1998 _222 |
|
| 110 | 2 |
_aRepública Dominicana. _bSuprema Corte de Justicia |
|
| 245 | 1 | 0 |
_aColección judicial: _bserie "B" Legislación |
| 260 |
_aSanto Domingo : _bSuprema Corte de Justicia, _c1998-2000. |
||
| 300 |
_av. ; _c22 cm. |
||
| 490 | 0 |
_aJudicial _aSerie "B" legislativa |
|
| 505 | 0 |
_gv. 1. _tLeyes diversas de interés general 1994-1998 -- _gv. 2. _tConstitución de la República y leyes diversas de interés general -- _gv.3. _tLegislación sobre : procedimiento de casación no.3726 ; _tDivorcio no.1306-bis ; _tControl de alquileres de casas y desahucios, decreto no.4807 ; _tFomento agrícola no. 6186 ; _tViajes ilegales no. 344-98 ; _tReclusión mayor y reclusión menor no. 46-99 -- _gv. 4. _tLey de carrera judicial no. 327-98 ; _tLey general de reforma de la empresa pública no.141-97 ; _tLeyes no. 374-98, 86-99, 80-99 y 114-99. |
|
| 590 | _aInventariado, 2025/VM | ||
| 650 | 4 |
_aAdministración de justicia _zRepública Dominicana |
|
| 650 | 4 |
_aLeyes _zRepública Dominicana |
|
| 910 | _aVMateo V. Control de calidad. EBPMSU | ||
| 942 |
_2ddc _cBK |
||
| 999 |
_c15132 _d15132 |
||